=LDR 00000nam 2200000 4500 =001 INLIS000000000037319 =005 20130612143044 =008 ***********************************Ind** =035 ##$$0010-061300000037319 =041 ##$$a Ind =082 ##$$a 793.319 =090 ##$$a 793.319, Sen s =245 ##$$a Sendratari mahakarya borobudur/Timbul Haryono...{at.al} =260 ##$$a 2011 $b Jakarta =300 ##$$a viii,142 hlm., Ilus., 21 cm =650 ##$$a Tarian Jawa =850 ##$$a NBPNMAT